LIBRARY & INFORMATION CENTRE, KCAET, TAVANUR

ONLINE PUBLIC ACCESS CATALOGUE (OPAC)

Optimising energy efficiencies in industry / (Record no. 13272)

MARC details
000 -LEADER
fixed length control field 00400cam a2200145ua 4500
041 ## - LANGUAGE CODE
Language code of text/sound track or separate title eng
082 ## - DEWEY DECIMAL CLASSIFICATION NUMBER
Classification number 621.402
Item number RAJ/Op
100 ## - MAIN ENTRY--AUTHOR NAME
Personal name Rajan, G G .
245 ## - TITLE STATEMENT
Title Optimising energy efficiencies in industry /
260 ## - PUBLICATION, DISTRIBUTION, ETC. (IMPRINT)
Place of publication New Delhi :
Name of publisher Tata Mc-Graw Hill Publishing Company ,
Year of publication 2001.
300 ## - PHYSICAL DESCRIPTION
Number of Pages 322 ;
Accompanying material CD.
942 ## - ADDED ENTRY ELEMENTS (KOHA)
Koha item type Books
Holdings
Withdrawn status Lost status Damaged status Home library Current library Date acquired Full call number Accession Number Koha item type
      KAUAET KAUAET 07/04/2012 621.402 21715 Books
free website counter